LEADER 04081 am 2200877 n 450 001 9910578681803321 005 20230823153102.0 010 $a979-1-03-510848-9 024 7 $a10.4000/books.psorbonne.108982 035 $a(CKB)4100000012879235 035 $a(FrMaCLE)OB-psorbonne-108982 035 $a(oapen)https://directory.doabooks.org/handle/20.500.12854/91888 035 $a(PPN)267933738 035 $a(EXLCZ)994100000012879235 100 $a20220630j|||||||| ||| 0 101 0 $afre 135 $auu||||||m|||| 181 $ctxt$2rdacontent 182 $cc$2rdamedia 183 $acr$2rdacarrier 200 12$aL?effet musée $eObjets, pratiques et cultures /$fDominique Poulot 210 $aParis $cÉditions de la Sorbonne$d2022 215 $a1 online resource (336 p.) 225 1 $aHisto.art 311 $a979-1-03-510807-6 330 $aL'effet musée est envisagé ici dans son rapport à des fonds, à des dispositifs, à des controverses et à des jeux d'influences. Il s'agit d'abord de décrire le travail des établissements sur leurs objets, non seulement dans le choix de les collecter, mais aussi dans leur traitement, déterminant pour la vie sociale des collections. Les gestes d'exposition analysés ensuite manifestent l'omnipotence de l'institution sur ses espaces, entre démonstrations visuelles et expériences immersives. Enfin, l'effet musée s'opère sur ses publics, entre fascination, respect, jouissance, mais aussi malaise, voire colère. Ces effets contrastés révèlent les aléas de la légitimité sociale et culturelle des faiseurs de musées, quels que soient leurs statuts (État, associations ou collectionneurs). Ils dessinent plus largement un paysage d'amitiés et d'inimitiés envers l'institution, autour de ses installations et de ses valeurs. Résolument pluridisciplinaire, cette enquête collective réunit jeunes chercheurs et universitaires confirmés, et couvre une grande diversité de collections de la fin du XIXe siècle à aujourd'hui. Cet ouvrage, préparé sous la direction de Dominique Poulot, est le quatorzième volume de la collection Histo.Art, présentant les travaux de l'École doctorale Histoire de l'art de l'université Paris 1 Panthéon-Sorbonne. 517 $aEffet musée 606 $aArts & Humanities 606 $aHistory & Archaeology 606 $amuseum studies 606 $acultural history 606 $aart history 606 $apostcolonial history 606 $asociology of art 606 $amuséologie 606 $ahistoire culturelle 606 $ahistoire postcoloniale 606 $asociologie de l'art 610 $amuseum studies 610 $acultural history 610 $aart history 610 $apostcolonial history 610 $asociology of art 615 4$aArts & Humanities 615 4$aHistory & Archaeology 615 4$amuseum studies 615 4$acultural history 615 4$aart history 615 4$apostcolonial history 615 4$asociology of art 615 4$amuséologie 615 4$ahistoire culturelle 615 4$ahistoire postcoloniale 615 4$asociologie de l'art 700 $aAkimichi$b Kazuko$01312522 701 $aBaillot$b Élodie$01307900 701 $aCosta$b Sandra$0619888 701 $aDehail$b Judith$01312523 701 $aÉtienne$b Noémie$01303684 701 $aFalcucci$b Beatrice$01312524 701 $aGril-Mariotte$b Aziza$01312525 701 $aHoffmann$b Marie$01312526 701 $aJannière$b Hélène$01312527 701 $aMontpetit$b Raymond$01312528 701 $aNapolitani$b Maddalena$01312529 701 $aPoulot$b Dominique$0604147 701 $aStankovi?$b Isidora$01312530 701 $aStüssi Garcia$b Susana$01312531 701 $aVerlaine$b Julie$01298926 701 $aWeinling$b Morgane$01312532 701 $aPoulot$b Dominique$0604147 801 0$bFR-FrMaCLE 906 $aBOOK 912 $a9910578681803321 996 $aL?effet musée$93030868 997 $aUNINA LEADER 05010nam 22006133u 450 001 9910959034103321 005 20251116200202.0 035 $a(CKB)3710000000086867 035 $a(EBL)1572945 035 $a(SSID)ssj0001166015 035 $a(PQKBManifestationID)11743922 035 $a(PQKBTitleCode)TC0001166015 035 $a(PQKBWorkID)11118029 035 $a(PQKB)10395135 035 $a(MiAaPQ)EBC1572945 035 $a(EXLCZ)993710000000086867 100 $a20140203d2014|||| u|| | 101 0 $aeng 135 $aur|n|---||||| 181 $ctxt 182 $cc 183 $acr 200 10$aPostGIS Cookbook 205 $a1st ed. 210 $aBirmingham $cPackt Publishing$d2014 215 $a1 online resource (484 p.) 225 1 $aQuick answers to common problems 300 $aDescription based upon print version of record. 311 08$a1-84951-866-1 327 $aCover; Copyright; Credits; About the Authors; About the Reviewers; www.PacktPub.com; Table of Contents; Preface; Chapter 1: Moving Data In and Out of PostGIS; Introduction; Importing nonspatial tabular data (CSV) using PostGIS functions; Importing nonspatial tabular data (CSV) using GDAL; Importing shapefiles with shp2pgsql; Importing and exporting data with the ogr2ogr GDAL command; Handling batch importing and exporting of datasets; Exporting data to the shapefile with the pgsql2shp PostGIS command; Importing OpenStreetMap data with the osm2pgsql command 327 $aImporting raster data with the raster2pgsql PostGIS commandImporting multiple rasters at a time; Exporting rasters with the gdal_translate and gdalwarp GDAL commands; Chapter 2: Structures that Work; Introduction; Using geospatial views; Using triggers to populate a geometry column; Structuring spatial data with table inheritance; Extending inheritance - table partitioning; Normalizing imports; Normalizing internal overlays; Using polygon overlays for proportional census estimates; Chapter 3: Working with Vector Data - The Basics; Introduction; Working with GPS data; Fixing invalid geometries 327 $aGIS analysis with spatial joinsSimplifying geometries; Measuring distances; Merging polygons using a common attribute; Computing intersections; Clipping geometries to deploy data; Simplifying geometries with PostGIS topology; Chapter 4: Working with Vector Data - Advanced Recipes; Introduction; Improving proximity filtering with KNN; Improving proximity filtering with KNN - advanced; Rotating geometries; Improving ST_Polygonize; Translating, scaling, and rotating geometries - advanced; Detailed building footprints from LiDAR; Using external scripts to embed new 327 $afunctionality in order to calculate a Voronoi diagramUsing external scripts to embed other; libraries in order to calculate a Voronoi; diagram - advanced; Chapter 5: Working with Raster Data; Introduction; Getting and loading rasters; Working with basic raster information and analysis; Performing simple map-algebra operations; Combining geometries with rasters for analysis; Converting between rasters and geometries; Processing and loading rasters with GDAL VRT; Warping and resampling rasters; Performing advanced map-algebra operations; Executing DEM operations 327 $aSharing and visualizing rasters through SQLChapter 6: Working with pgRouting; Introduction; Startup - Dijkstra routing; Loading data from OpenStreetMap and finding the shortest path using A*; Driving distance/service area calculation; Calculating the driving distance with demographics; Extracting the centerlines of polygons; Chapter 7: Into the Nth Dimension; Introduction; Importing LiDAR Data; Performing 3D queries on a LiDAR point cloud; Constructing and serving buildings 2.5 D; Using ST_Extrude to extrude building footprints; Creating arbitrary 3D objects for PostGIS 327 $aExporting models as X3D for the Web 330 $aAn easy-to-use guide, full of hands-on recipes for manipulating spatial data in a PostGIS database. Each topic is explained and placed in context, and for the more inquisitive, there are more details of the concepts used.If you are a web developer or a software architect, especially in location-based companies, and want to expand the range of techniques you are using with PostGIS, then this book is for you. You should have some prior experience with PostgreSQL database and spatial concepts. 606 $aGeography$2HILCC 606 $aEarth & Environmental Sciences$2HILCC 606 $aGeography-General$2HILCC 615 7$aGeography 615 7$aEarth & Environmental Sciences 615 7$aGeography-General 676 $a910.285 700 $aCorti$b Paolo$0594658 701 $aMather$b Stephen Vincent$01856656 701 $aKraft$b Thomas J$0309979 701 $aPark$b Bborie$01856657 801 0$bAU-PeEL 801 1$bAU-PeEL 801 2$bAU-PeEL 906 $aBOOK 912 $a9910959034103321 996 $aPostGIS Cookbook$94456288 997 $aUNINA